|
|
|
|
| LEADER |
01017nam a2200289 a 4500 |
| 001 |
1819 |
| 003 |
BD-DhAAL |
| 005 |
20150310112155.0 |
| 008 |
150310s1991 nyua b 001 0 eng |
| 010 |
|
|
|a 90020836
|
| 020 |
|
|
|a 0070551170
|
| 040 |
|
|
|a DLC
|c DLC
|d DLC
|d BD-DhAAL
|
| 050 |
0 |
0 |
|a HG4011
|b .S33 1991
|
| 082 |
0 |
0 |
|a 658.15
|2 20
|
| 100 |
1 |
|
|a Schall, Lawrence D.
|9 9314
|
| 245 |
1 |
0 |
|a Introduction to financial management /
|c Lawrence D. Schall, Charles W. Haley.
|
| 250 |
|
|
|a 6th ed.
|
| 260 |
|
|
|a New York :
|b McGraw-Hill,
|c c1991.
|
| 300 |
|
|
|a xviii, 894 p. :
|b ill. ;
|c 25 cm.
|
| 490 |
|
|
|a McGraw-Hill series in finance
|
| 504 |
|
|
|a Includes bibliographical references (p. 841-846) and index.
|
| 541 |
|
|
|e 1819
|
| 650 |
|
0 |
|a Corporations
|x Finance.
|9 6573
|
| 700 |
1 |
|
|a Haley, Charles W.
|9 9315
|
| 942 |
|
|
|2 ddc
|c BK
|
| 999 |
|
|
|c 33954
|d 33954
|
| 952 |
|
|
|0 0
|1 0
|2 ddc
|4 0
|6 658_150000000000000_SCH
|7 0
|9 52993
|a SCL
|b SCL
|c GEN
|d 2015-03-10
|e Gift: The Asia Foundation
|l 0
|o 658.15 SCH
|p 3020001819
|r 2015-03-10
|t 1
|w 2015-03-10
|y BK
|